000 00527 a2200205 4500
001 131632
020 _a85-262-1844-1
040 _cLeonardo Da Vinci
041 _aPortuguês
082 _aJ H478s
_bH478s
100 _aHERNÁNDEZ, José
245 _aA saga do gaúcho Martin Fierro
260 _bScipione
_c1991
_aSão Paulo
300 _a96
362 _a19910000
490 _aReencontro
500 _aJosé Angeli (Tradução)
697 _aLiteratura juvenil
_aLiteratura infanto-juvenil
_aRomance
942 _cBK
999 _c131632
_d131632